Quiz wiedzy ogólnej (trudny) - #1 - Statystyki

Ogólne statystyki
  • Ten quiz został rozwiązany 39 razy
    36 od ostatniego zresetowania
  • Średni wynik to 6 z 22
Statystyki odpowiedzi
Pytanie Odpowiedź % Poprawnych
Kim był Charlie Chaplin? aktorem/reżyserem/komikiem
76%
Ile gramów to 1 Mg (megagram)? 1 000000000/10^9
66%
W którym roku Donald Tusk rozpoczął swoją pierwszą kadencjęjako Prezes Rady Ministrów RP? 2007
52%
Jak nazywa się kierunek studiów, na które udają się przyszli księża? Teologia
52%
Ilu było terrorystów podczas ataku na World Trade Center 11 września 2001 roku? 19
48%
Kto był I sekretarzem PZPR w latach 1970-1980? (imię i nazwisko) Edward Gierek
48%
Jaki kraj ma w swojej fladze karabin? Mozambik
41%
Na jakiej pozycji gra zawodnik Manchesteru City mający koszulkę z numerem 47? pomocnik
34%
Jaki narząd odpowiada za produkowanie adrenaliny? nadnercza
28%
Jaka marka samochodu w swoim logo ma flagę rajdową? Corvette
21%
Kim były osoby ukrzyżowane po prawicy i lewicy Jezusa Chrystusa? bandytami/przestępcami
17%
Jak inaczej nazywane są pantery śnieżne? Irbis
17%
W której piosence zespołu Myslovitz padają takie słowa:"Ty mnie dobrze znasz, wszystko o mnie wiesz"? "My"
17%
Ile razy i w jakim/-ch roku/latach Zagłębie Lubin zdobyło Puchar Polski? 2, 2007, 1991/2, 1991, 2007
10%
Jaka amunicją strzela karbinek AK? 7,62x39
10%
Jakie szczyty są najwyższym i najniższym z Korony Gór Polskich? Łysica i Rysy/Rysy i łysica
10%
Maria przejechała 108 m w czasie 56 sekund. Z jaką prędkością wyrażoną w m/s jechała? 1,93 m/s
7%
Co oznacza liczba 95 lub 98 na dystrybutorach paliwowych? Liczbę oktanową
7%
Według taryfikatora (stan na 2025r.) jaki mandat i ile punktów karnych można otrzymać za przekroczenie prędkości o 43 km/h? 1000 zł i 11 punktów/1000 i 11
3%
Ilu polskich oficerów zginęło w Zbrodni Katyńskiej? 15 000
3%
Jakie proporcje ma flaga Rzeczpospolitej Polskiej? 5x8
3%
Jaki stopień w Wojsku Polskim ma na pagonie dwie belki i cztery gwiazdki? żaden
3%
Nie znaleziono quizów pasujących do podanych kryteriów
Rozkład punktacji
Procent ludzi z każdym wynikiem
Percentyl według liczby udzielonych odpowiedzi
Twoja historia wyników
Nie rozwiązałeś tego quizu od ostatniego zresetowania